| 000 | 00574nam a22001937a 4500 | ||
|---|---|---|---|
| 005 | 20251108165800.0 | ||
| 008 | 250721s9999 xx 000 0 ara d | ||
| 082 | 1 | 4 | _aط/211.7/محم |
| 100 | 1 | _aبن الشريف، محمود | |
| 245 | 1 | 0 | _aالأمثال في القرآن / |
| 264 | 1 |
_aبيروت : _bدار و مكتبة الهلال، _c[19-]. |
|
| 300 | _a159ص | ||
| 490 | 0 | _aالمكتبة القرانية ؛1 | |
| 650 | 1 | 7 | _aالقرآن الكريم |
| 650 | 1 | 7 | _aاللفاظ |
| 650 | 1 | 7 | _aمعاني و أحكام |
| 942 |
_2ddc _cBK |
||
| 999 |
_c31168 _d31168 |
||